000 00581nam a2200229Ia 4500
003 OSt
005 20221005132550.0
006 a|||||r|||| 00| 0
007 ta
008 221004b |||||||| |||| 00| 0 eng d
024 _a58928
037 _cTextual
040 _aCRL
_cCRL
_beng
041 _2eng
_aeng
082 _aU8:222:M3, A
100 _aAbbs John
_9641347
245 0 _aTwenty-two year's missionary experience in Travancore.
260 _c1800
650 _aGEOGRAPHY
942 _hU8:222:M3, A
_cTEXL
_2cc
999 _c1064031
_d1064031